LEADER 01252nam a2200253 i 4500 001 000000245591 003 CaOOAMICUS 005 20151009000000.0 008 151009s1961 it u000 u ita u 013 $a224496 040 $aSeMil$bita 100 1 $aBechis, Ettore.$0(OLS)http://semarc/name/64451 245 13$aIl canonico Francesco Paleari :$bprete della SS. Trinità del Cottolengo, Direttore spirituale del Seminario Metropolitano provinciario dell'Archidiocesi torinese /$cEttore Bechis. 250 $a3. ed. 260 $aPinerolo :$bAlzani,$c1961. 300 $a223 p., [10] p. di tav. ;$c22 cm. 500 $aIn appendice : Testimonianze di Ecc.mi Prelati. - Fondo card. Giovanni Colombo. 650 4$aPaleari, Francesco .$0(OLS)http://semarc/subject/22207 850 $aSeMil 852 $aSeMil$W1$xVenegono$y1$m3GC VI 381$j195937$B195937$CSeMilBibl$Z2$F206650 $8B 941 1 $a3 961 $aLascito: Colombo Card. Giovanni 996 $6245$aIl canonico Francesco Paleari :$bprete della SS. Trinità del Cottolengo, Direttore spirituale del Seminario Metropolitano provinciario dell'Archidiocesi torinese$9(OLS)http://semarc/title/272887 996 $6260$aPinerolo :$bAlzani$9(OLS)http://semarc/publisher/34019